| 000 | 00530nam a2200229Ia 4500 | ||
|---|---|---|---|
| 001 | 12018 | ||
| 003 | GE_BSU | ||
| 008 | 181216s||||||||xx |||||||||||||| ||und|| | ||
| 020 | _a9780126990514 | ||
| 040 | _cGE_BSU | ||
| 080 | _a336.1 | ||
| 100 | _aTresch,W. | ||
| 245 | _aPublic Finance A Normative Theory | ||
| 250 | _aSecond Edition | ||
| 260 | _aAmsterdam | ||
| 260 | _bAcademic Press | ||
| 260 | _c2002 | ||
| 300 | _a950p.ill.24cm. | ||
| 541 | _h363 Gel. | ||
| 653 | _aPublic Finance A Normative Theory | ||
| 942 | _cBK | ||
| 999 |
_c45195 _d45195 |
||